Score 0/32 Timer 07:00
3 Plays Today
Continent Country % Correct
AsiaIndia
78.7%
AsiaIndonesia
76.2%
EuropeUnited Kingdom
74.4%
South AmericaBolivia
70.6%
AfricaNigeria
70.5%
OceaniaFiji
70.2%
EuropeLithuania
68.5%
AfricaEthiopia
68.4%
AfricaDemocratic Republic of the Congo
68.1%
AfricaNamibia
65.4%
North AmericaHaiti
65.2%
North AmericaDominica
64.3%
EuropeLiechtenstein
62.1%
AfricaDjibouti
61.8%
AfricaMauritania
60.6%
AfricaCentral African Republic
59.9%
Continent Country % Correct
AfricaTunisia
58.5%
EuropeVatican City
58.3%
AfricaLiberia
58.3%
AfricaMauritius
57.7%
AsiaSaudi Arabia
57.3%
EuropeBosnia and Herzegovina
57.1%
AfricaGuinea-Bissau
56.1%
North AmericaTrinidad and Tobago
56.1%
AsiaUnited Arab Emirates
54.4%
AsiaTajikistan
54.2%
North AmericaSaint Lucia
54%
AfricaEquatorial Guinea
53.9%
OceaniaMicronesia
52.6%
AfricaEswatini
48.1%
AfricaCôte d'Ivoire
46.9%
AfricaSão Tomé and Príncipe
35.9%
Remove Ads.
Support Sporcle.
Get the best of Sporcle when you Go Orange. This ad-free experience offers more features, more stats, and more fun while also helping to support Sporcle. Thank you for becoming a member.

You're not logged in!

Compare scores with friends on all Sporcle quizzes.
OR
Log In

Sporcle TV

Today on Sporcle TV


Watch our educational content, quiz creation guides, and fun videos on Sporcle TV.

Show Comments

Extras

Top Quizzes Today


Score Distribution

Paid Content

Your Account Isn't Verified!

In order to create a playlist on Sporcle, you need to verify the email address you used during registration. Go to your Sporcle Settings to finish the process.

Report this User

Report this user for behavior that violates our Community Guidelines.

Details: